| 000 | 00532nam a2200193 u 4500 | ||
|---|---|---|---|
| 005 | 20220603063718.0 | ||
| 008 | 090605s2006 r 000 0 eng d | ||
| 020 | _a9562394751 | ||
| 035 | _aUPN01000171006 | ||
| 049 | _aI | ||
| 050 | 4 |
_aPZ71 _bM3.87 |
|
| 100 | 1 | _aMaturana, Andrea | |
| 245 | 1 | 0 |
_aSiri y Mateo / _cAndrea Maturana ; il. VerĂ³nica Grech. |
| 260 |
_aSantiago de Chile : _bAlfaguara, _c2006. |
||
| 300 |
_a61 p. : _bil. |
||
| 440 | 0 | _aAlfaguara infantil | |
| 650 | 4 |
_aCuentos infantiles _96744 |
|
| 905 | _aInfantil | ||
| 999 |
_c143111 _d143111 |
||